<?xml version="1.0" encoding="UTF-8"?>
<record
    xmlns:xsi="http://www.w3.org/2001/XMLSchema-instance"
    xsi:schemaLocation="http://www.loc.gov/MARC21/slim http://www.loc.gov/standards/marcxml/schema/MARC21slim.xsd"
    xmlns="http://www.loc.gov/MARC21/slim">

  <leader>01888nam a22001937a 4500</leader>
  <controlfield tag="005">20250324053248.0</controlfield>
  <controlfield tag="008">250315b           ||||| |||| 00| 0 eng d</controlfield>
  <datafield tag="020" ind1=" " ind2=" ">
    <subfield code="a">9781484287439</subfield>
  </datafield>
  <datafield tag="040" ind1=" " ind2=" ">
    <subfield code="c">AIMIT LIBRARY</subfield>
  </datafield>
  <datafield tag="082" ind1=" " ind2=" ">
    <subfield code="a">658.8</subfield>
    <subfield code="b">SCHA</subfield>
  </datafield>
  <datafield tag="100" ind1=" " ind2=" ">
    <subfield code="a">Schulkind, Andrew.</subfield>
    <subfield code="e">Author</subfield>
    <subfield code="9">206549</subfield>
  </datafield>
  <datafield tag="245" ind1=" " ind2=" ">
    <subfield code="a">Marketing for small B2B businesses :</subfield>
    <subfield code="b">how content creates marketing muscle and powers traditional and digital marketing /</subfield>
    <subfield code="c">By Andrew Schulkind.</subfield>
  </datafield>
  <datafield tag="260" ind1=" " ind2=" ">
    <subfield code="a">USA :</subfield>
    <subfield code="b">Apress,</subfield>
    <subfield code="c">2023.</subfield>
  </datafield>
  <datafield tag="300" ind1=" " ind2=" ">
    <subfield code="a">xx,218p. ;</subfield>
    <subfield code="b">PB</subfield>
    <subfield code="c">23 cm.</subfield>
  </datafield>
  <datafield tag="500" ind1=" " ind2=" ">
    <subfield code="a">Small business marketers don&#x2019;t need to understand technical minutia of websites or the high-level social media strategies of national consumer brands. They need to understand how to build successful marketing machines that they can sustain with the resources they have available. This book will help small-business B2B marketers build a strong digital presence that will drive growth. 

Most B2B buyers are about two-thirds of the way through their purchase process before they are willing to engage with a salesperson.  Therefore, having a strong digital presence is the difference between making your prospect&#x2019;s short list and your prospect not even knowing you exist. Most critically, a strong digital presence relies on content written from your audience&#x2019;s perspective. 

This book provides insight and information about the questions that are critical to their business and that you can help them solve. It is the key to capturing their attention, gaining their trust, and winning their business. Marketing can&#x2019;t work its magic alone. It needs the support of strong branding and must provide support to well-executed sales processes. Marketing for Small B2B Businesses will dive into the relationship between each of these areas. </subfield>
  </datafield>
  <datafield tag="650" ind1=" " ind2=" ">
    <subfield code="a">Marketing Goals.</subfield>
    <subfield code="9">206550</subfield>
  </datafield>
  <datafield tag="650" ind1=" " ind2=" ">
    <subfield code="a">Website Technology.</subfield>
    <subfield code="9">206551</subfield>
  </datafield>
  <datafield tag="942" ind1=" " ind2=" ">
    <subfield code="2">ddc</subfield>
    <subfield code="c">BK</subfield>
  </datafield>
  <datafield tag="999" ind1=" " ind2=" ">
    <subfield code="c">233961</subfield>
    <subfield code="d">233961</subfield>
  </datafield>
  <datafield tag="952" ind1=" " ind2=" ">
    <subfield code="0">0</subfield>
    <subfield code="1">0</subfield>
    <subfield code="2">ddc</subfield>
    <subfield code="4">0</subfield>
    <subfield code="7">0</subfield>
    <subfield code="8">MBA</subfield>
    <subfield code="a">AIMIT</subfield>
    <subfield code="b">AIMIT</subfield>
    <subfield code="c">MKG</subfield>
    <subfield code="d">2025-03-11</subfield>
    <subfield code="e">Biblios Book Point</subfield>
    <subfield code="g">699.00</subfield>
    <subfield code="i">Bill no:7073;Bill dt:2025-02-28</subfield>
    <subfield code="l">0</subfield>
    <subfield code="o">658.8 SCHA</subfield>
    <subfield code="p">MBA14821</subfield>
    <subfield code="r">2025-07-21 00:00:00</subfield>
    <subfield code="v">659.20</subfield>
    <subfield code="w">2025-03-15</subfield>
    <subfield code="y">BK</subfield>
  </datafield>
</record>
